000
00447nam a2200157Ia 4500
008
090123s9999 xx 000 0 und d
082
_b
32206
_a
923.254/सह
245
_a
अमृतवाणी
250
_a
5
260
_b
रामकृष्ण मठ
300
_a
294
630
_a
अमृतवाणी
700
_a
सहस्त्रबुध्दे प्र.ग.
730
_a
अमृतवाणी
942
_c
BOOK
999
_c
70266
_d
70266